New Zealand Rugby All Blacks - 2011 U20 players - Statistics

General Stats
  • This quiz has been taken 140 times
    81 since last reset
  • The average score is 6 of 13
Answer Stats
Player % Correct
Beauden Barrett
95%
Brodie Retallick
71%
TJ Perenara
69%
Sam Cane
64%
Codie Taylor
49%
Luke Whitelock
49%
Lima Sopoaga
28%
Steven Luatua
26%
Waisake Naholo
26%
Brad Weber
22%
Charles Piutau
22%
Francis Saili
19%
Dominic Bird
17%
No matching quizzes found
Score Distribution
Percent of People with Each Score
Percentile by Number Answered
Your Score History
You have not taken this quiz since the last reset